00807nam a22001577a 4500999001700000082001800017100002300035245004100058260006300099300000900162520025900171650001800430650003100448942001200479952015800491 c39326d39326 a170.44bMIT-L aSwami, Mitrananda  aLiving in Harmony/cSwami Mitrananda aGuwahati:bVivekananda Kendra Institute of Culture,c2011. a32p. aLiving in Harmony is a philosophical work rooted in Vedantic teachings, aiming to inspire to achieve balance and harmony in life. Living in Harmony serves as a guide for achieving balance and unity in life through spiritual practices and ethical living.  aSocial Ethics aHarmony – Social aspects 2ddccBK 00104070aNASSDOCbNASSDOCeOverseas Press India Private Limitedg14.44i20-03-2024l0o170.44 MIT-Lp54415r2024-05-24 00:00:00v20.00w2024-05-24yBK